<?xml version="1.0" encoding="UTF-8"?>
<collection xmlns:xsi="http://www.w3.org/2001/XMLSchema-instance" xsi:schemaLocation="http://www.loc.gov/MARC21/slim http://www.loc.gov/standards/marcxml/schema/MARC21slim.xsd" xmlns="http://www.loc.gov/MARC21/slim">
 <record>
  <leader>00000cam a22000003a 4500</leader>
  <controlfield tag="001">UP-8027390931316230218</controlfield>
  <controlfield tag="003">Buklod</controlfield>
  <controlfield tag="005">20140116122725.0</controlfield>
  <controlfield tag="006">a     r    |||| u|</controlfield>
  <controlfield tag="007">ta</controlfield>
  <controlfield tag="008">140116s        xx     d     r    |||| u|</controlfield>
  <datafield tag="022" ind1=" " ind2=" ">
   <subfield code="a">1908-238X</subfield>
  </datafield>
  <datafield tag="035" ind1=" " ind2=" ">
   <subfield code="a">(iLib)UPMIN-00006882030</subfield>
  </datafield>
  <datafield tag="090" ind1=" " ind2="0">
   <subfield code="a">AS 36</subfield>
   <subfield code="b">A543 D33</subfield>
  </datafield>
  <datafield tag="245" ind1="0" ind2="0">
   <subfield code="a">DACUN abstracts international</subfield>
   <subfield code="b">(DAI).</subfield>
  </datafield>
  <datafield tag="650" ind1="1" ind2="7">
   <subfield code="a">Dissertations, Academic</subfield>
   <subfield code="z">Davao region (Philippines)</subfield>
   <subfield code="v">Abstracts.</subfield>
  </datafield>
  <datafield tag="650" ind1="1" ind2="7">
   <subfield code="a">Theses, Academic</subfield>
   <subfield code="z">Davao region (Philippines)</subfield>
   <subfield code="v">Abstracts.</subfield>
  </datafield>
  <datafield tag="650" ind1="1" ind2="7">
   <subfield code="a">Humanities</subfield>
   <subfield code="z">Davao region (Philippines)</subfield>
   <subfield code="v">Abstracts.</subfield>
  </datafield>
  <datafield tag="650" ind1="1" ind2="7">
   <subfield code="a">Arts</subfield>
   <subfield code="z">Davao region (Philippines)</subfield>
   <subfield code="v">Abstracts.</subfield>
  </datafield>
  <datafield tag="650" ind1="1" ind2="7">
   <subfield code="a">Religious studies</subfield>
   <subfield code="z">Davao region (Philippines)</subfield>
   <subfield code="v">Abstracts.</subfield>
  </datafield>
  <datafield tag="650" ind1="1" ind2="7">
   <subfield code="a">Philosophy</subfield>
   <subfield code="z">Davao region (Philippines)</subfield>
   <subfield code="v">Abstracts.</subfield>
  </datafield>
  <datafield tag="650" ind1="1" ind2="7">
   <subfield code="a">Psychology</subfield>
   <subfield code="z">Davao region (Philippines)</subfield>
   <subfield code="v">Abstracts.</subfield>
  </datafield>
  <datafield tag="650" ind1="1" ind2="7">
   <subfield code="a">Engineering</subfield>
   <subfield code="z">Davao region (Philippines)</subfield>
   <subfield code="v">Abstracts.</subfield>
  </datafield>
  <datafield tag="650" ind1="1" ind2="7">
   <subfield code="a">Technology</subfield>
   <subfield code="z">Davao region (Philippines)</subfield>
   <subfield code="v">Abstracts.</subfield>
  </datafield>
  <datafield tag="650" ind1="1" ind2="7">
   <subfield code="a">Nursing</subfield>
   <subfield code="z">Davao region (Philippines)</subfield>
   <subfield code="v">Abstracts.</subfield>
  </datafield>
  <datafield tag="650" ind1="1" ind2="7">
   <subfield code="a">Health sciences</subfield>
   <subfield code="z">Davao region (Philippines)</subfield>
   <subfield code="v">Abstracts.</subfield>
  </datafield>
  <datafield tag="650" ind1="1" ind2="7">
   <subfield code="a">Business</subfield>
   <subfield code="z">Davao region (Philippines)</subfield>
   <subfield code="v">Abstracts.</subfield>
  </datafield>
  <datafield tag="650" ind1="1" ind2="7">
   <subfield code="a">Management</subfield>
   <subfield code="z">Davao region (Philippines)</subfield>
   <subfield code="v">Abstracts.</subfield>
  </datafield>
  <datafield tag="650" ind1="1" ind2="7">
   <subfield code="a">Economics</subfield>
   <subfield code="z">Davao region (Philippines)</subfield>
   <subfield code="v">Abstracts.</subfield>
  </datafield>
  <datafield tag="650" ind1="1" ind2="7">
   <subfield code="a">Natural sciences</subfield>
   <subfield code="z">Davao region (Philippines)</subfield>
   <subfield code="v">Abstracts.</subfield>
  </datafield>
  <datafield tag="650" ind1="1" ind2="7">
   <subfield code="a">Languages</subfield>
   <subfield code="z">Davao region (Philippines)</subfield>
   <subfield code="v">Abstracts.</subfield>
  </datafield>
  <datafield tag="650" ind1="1" ind2="7">
   <subfield code="a">Literature</subfield>
   <subfield code="z">Davao region (Philippines)</subfield>
   <subfield code="v">Abstracts.</subfield>
  </datafield>
  <datafield tag="700" ind1="1" ind2=" ">
   <subfield code="a">Merced, Briccio Jr. Maputi</subfield>
   <subfield code="c">editor-in-chief.</subfield>
  </datafield>
  <datafield tag="710" ind1="2" ind2=" ">
   <subfield code="a">DACUN Library Committee</subfield>
   <subfield code="b">Technical Working Group for Abstracting.</subfield>
  </datafield>
  <datafield tag="710" ind1="2" ind2=" ">
   <subfield code="a">DAvao Colleges and Universities Network.</subfield>
  </datafield>
  <datafield tag="856" ind1=" " ind2=" ">
   <subfield code="u">http://library.upmin.edu.ph/mainlib/dacun/dacun.html</subfield>
  </datafield>
  <datafield tag="856" ind1=" " ind2=" ">
   <subfield code="u">http://library.upmin.edu.ph/mainlib/dacun/#</subfield>
  </datafield>
  <datafield tag="905" ind1=" " ind2=" ">
   <subfield code="a">FI</subfield>
  </datafield>
  <datafield tag="852" ind1="0" ind2=" ">
   <subfield code="a">UPMIN</subfield>
   <subfield code="b">UPMIN-MAIN</subfield>
   <subfield code="h">AS 36</subfield>
   <subfield code="i">A543 D33</subfield>
  </datafield>
  <datafield tag="942" ind1=" " ind2=" ">
   <subfield code="a">Book</subfield>
  </datafield>
 </record>
</collection>
